Radarová veža - železobetónový variant

Guardado en:
Detalles Bibliográficos
Autor principal: Lepáček, Dominik (Autor)
Otros Autores: Šoltész, Július (Orientador)
Formato: Manuscrito Libro
Lenguaje:eslovaco
Publicado: 2016
Materias:
Acceso en línea:http://is.stuba.sk/zp/portal_zp.pl?podrobnosti=120011
https://opac.crzp.sk/?fn=detailBiblioForm&sid=41728D440EB1EF629715178922FE
Etiquetas: Agregar Etiqueta
Sin Etiquetas, Sea el primero en etiquetar este registro!

MARC

LEADER 00000ntm a22000003a 4500
001 stuzp59251
003 SK-STU
005 20230927133126.7
007 ta
008 150427s2015----xo-----f-mn---000-0-slo-d
040 |a STU  |b slo 
041 0 |a slo 
100 1 |a Lepáček, Dominik  |u 010110  |4 aut  |U SvF Stavebná fakulta  |T SvF Katedra betónových konštrukcií a mostov  |X 43937  |U V110  |Y 11  |7 A000043937 
242 0 1 |a Radar tower - Reinforced-concrete version  |y eng 
245 1 0 |a Radarová veža - železobetónový variant 
260 |c 2016 
650 4 |a Radar  |2 slo 
650 4 |a Tubus  |2 slo 
650 4 |a Vietor  |2 slo 
650 4 |a Radar  |2 eng 
650 4 |a Tube  |2 eng 
650 4 |a Wind  |2 eng 
700 1 |a Šoltész, Július  |u 010110  |k Z8  |4 ths  |U SvF Stavebná fakulta  |T SvF Katedra betónových konštrukcií a mostov  |X 638  |U V110  |Y 11  |7 A000000638 
856 4 |u http://is.stuba.sk/zp/portal_zp.pl?podrobnosti=120011 
856 4 |u https://opac.crzp.sk/?fn=detailBiblioForm&sid=41728D440EB1EF629715178922FE 
SQL |a stuzp59251  |b DDP  |c SLO  |d Radarová veža - železobetónový variant  |e 43937  |f Lepáček, Dominik  |g 010110  |h 638  |i Šoltész, Július  |j 20160615  |k 945  |l 01  |m http://is.stuba.sk/zp/portal_zp.pl?podrobnosti=120011  |n I-NKS  |o 5.1.5. inžinierske konštrukcie a dopravné stavby